000 01094nam a2200313Ia 4500
005 20220317001123.0
008 160825s2008 ck a g 000 0 spa
020 _a97895830088012
100 1 _aAndricaín Hernández, Sergio
245 1 0 _aAdivínalo si puedes
_cSergio Andricaín y Antonio Orlando Rodríguez , ilustrado por Ana María Londoño
250 _a1a. edición
_b4a. reimpresión
300 _a43 páginas
_bilustraciones en color
_c17 cm
490 _aQue pase el tren
650 1 4 _2LEMB
_aPoemas infantiles cubanos
650 1 4 _2LEMB
_aLiteratura infantil cubana
650 1 4 _aAdivinanzas
_2LEMB
650 1 4 _2LEMB
_aJuegos de palabras
650 1 4 _2LEMB
_aJuegos educativos
650 1 4 _2LEMB
_aTrabalenguas
700 1 _aRodríguez, Antonio Orlando
_d1956-
_99798
700 1 _aLondoño, Ana María
_916896
942 _2loc
_cBKINF
264 _aBogotá
_bPanamericana
_c2008
336 _atexto
_btxt
_2rdacontent
337 _asin mediación
_bn
_2rdamedia
338 _avolumen
_bnc
_2rdacarrier
040 _aCO-BoRNBP
_bspa
_erda
_cCO-BoRNBP
084 _aP AND6
999 _c5983
_d5983